<?xml version='1.0' encoding='UTF-8'?>
  <record xmlns="http://www.loc.gov/MARC21/slim">
    <leader>00000cam a22000007i 4500</leader>
    <controlfield tag="001">on1157830268</controlfield>
    <controlfield tag="003">OCoLC</controlfield>
    <controlfield tag="005">20251112081150.2</controlfield>
    <controlfield tag="008">920521s1566    gw            001 0 ger d</controlfield>
    <datafield tag="040" ind1=" " ind2=" ">
      <subfield code="a">EUW</subfield>
      <subfield code="b">eng</subfield>
      <subfield code="e">rda</subfield>
      <subfield code="e">dcrmr</subfield>
      <subfield code="c">EUW</subfield>
      <subfield code="d">OCLCO</subfield>
      <subfield code="d">OCLCL</subfield>
      <subfield code="d">QGJ</subfield>
      <subfield code="d">OCLCQ</subfield>
      <subfield code="d">QGJ</subfield>
    </datafield>
    <datafield tag="035" ind1=" " ind2=" ">
      <subfield code="a">(OCoLC)1157830268</subfield>
    </datafield>
    <datafield tag="100" ind1="1" ind2=" ">
      <subfield code="a">Pictorius, Georg,</subfield>
      <subfield code="d">approximately 1500-1569,</subfield>
      <subfield code="e">author.</subfield>
      <subfield code="4">aut</subfield>
      <subfield code="1">https://id.oclc.org/worldcat/entity/E39PBJfRDPvbQCMj6fkFftxCcP</subfield>
    </datafield>
    <datafield tag="245" ind1="1" ind2="0">
      <subfield code="a">Leibs Artzney. :</subfield>
      <subfield code="b">Ein sehr nutzliches Handtbüchlein vom grund vnd innhalt der gantzen Artzney, wie nemlich gegenwertige Gesundheit zuerhalten, vnnd die verlorne wider zubringen sey. Item von den vier Elementen, den menschlichen Complexionen, Allerley speise und getrenck, auch vom Purgieren, Aderlassen, Baden, Schrepffen. Mit grundlicher anzeigung vnd cura aller mengel vnnd gebresten am menschlichen Leibe von Scheitel biß auf die füß. Sampt einem bericht von den Jüdischen und Märcktartzten. /</subfield>
      <subfield code="c">Alles auf neuwe zugericht, auß allerley warhafftigen Scribenten zusammen getragen, vnnd selbs probiert. Durch D. Georgium Pictorium Villinganum. ; Mit angehencktem vnnd nutzlichem Repertorio oder Register, yedes ding so man begert gerich zu finden.</subfield>
    </datafield>
    <datafield tag="264" ind1=" " ind2="1">
      <subfield code="a">Getruckt zu Franckfurt am Mayn. :</subfield>
      <subfield code="b">bey Peter Schmid,</subfield>
      <subfield code="c">Anno M. D. LXVI. [1566]</subfield>
    </datafield>
    <datafield tag="300" ind1=" " ind2=" ">
      <subfield code="a">[18], 160 pages, [8] leaves  ;</subfield>
      <subfield code="c">16 cm (8vo)</subfield>
    </datafield>
    <datafield tag="336" ind1=" " ind2=" ">
      <subfield code="a">text</subfield>
      <subfield code="b">txt</subfield>
      <subfield code="2">rdacontent</subfield>
    </datafield>
    <datafield tag="337" ind1=" " ind2=" ">
      <subfield code="a">unmediated</subfield>
      <subfield code="b">n</subfield>
      <subfield code="2">rdamedia</subfield>
    </datafield>
    <datafield tag="338" ind1=" " ind2=" ">
      <subfield code="a">volume</subfield>
      <subfield code="b">nc</subfield>
      <subfield code="2">rdacarrier</subfield>
    </datafield>
    <datafield tag="340" ind1=" " ind2=" ">
      <subfield code="m">8vo</subfield>
      <subfield code="2">rdabf</subfield>
    </datafield>
    <datafield tag="500" ind1=" " ind2=" ">
      <subfield code="a">Printer's name from colophon, which reads: Gedrtukt zu Franckfurt am Mayn, bey Peter Schmid, in der Thöngesgassen. 1566.</subfield>
    </datafield>
    <datafield tag="500" ind1=" " ind2=" ">
      <subfield code="a">Imprint: Anno M. D. LXVI.</subfield>
    </datafield>
    <datafield tag="500" ind1=" " ind2=" ">
      <subfield code="a">Title page printed in red and black.</subfield>
    </datafield>
    <datafield tag="500" ind1=" " ind2=" ">
      <subfield code="a">"Bericht von den jüdischen und Märktärzten" with separate title page with title: Klarer bericht ob die Christen vonn den Jüdischen artzten vertrewlich artzney gebrauchen mögen, vn[n]d wie die jetzlöuffig artzney des wäschens erstlich erdacht, vnnd was die für nutz bringe. ......; and with running title: Von zernichten vnd vntreuwen ärtzten.</subfield>
    </datafield>
    <datafield tag="500" ind1=" " ind2=" ">
      <subfield code="a">"Bericht von den jüdischen und Märktärzten" originally published in 1557 with title: Von Zernichten Artzten. : Clarer bericht ob die Christẽ[n] von den Jüdischen Artzten, vertrewlich artzney gebrauchen mögen.</subfield>
    </datafield>
    <datafield tag="500" ind1=" " ind2=" ">
      <subfield code="a">Includes index.</subfield>
    </datafield>
    <datafield tag="500" ind1=" " ind2=" ">
      <subfield code="a">List of errata on leaf Z6v.</subfield>
    </datafield>
    <datafield tag="500" ind1=" " ind2=" ">
      <subfield code="a">Initials, printed marginalia.</subfield>
    </datafield>
    <datafield tag="500" ind1=" " ind2=" ">
      <subfield code="a">Signatures: A-Z⁸; A1v, L7v, Y8v, Z7v, and Z8 are blank.</subfield>
    </datafield>
    <datafield tag="510" ind1="4" ind2=" ">
      <subfield code="a">Verzeichnis der im deutschen Sprachbereich erschienenen Drucke des 16. Jahrhunderts (VD 16),</subfield>
      <subfield code="c">P 2694</subfield>
      <subfield code="u">https://gateway-bayern.de/VD16+P+2694</subfield>
    </datafield>
    <datafield tag="510" ind1="4" ind2=" ">
      <subfield code="3">Pictorius, Georg. Bericht von den jüdischen und Märktärzten:</subfield>
      <subfield code="a">Verzeichnis der im deutschen Sprachbereich erschienenen Drucke des 16. Jahrhunderts (VD 16),</subfield>
      <subfield code="c">P 2729</subfield>
      <subfield code="u">https://gateway-bayern.de/VD16+P+2729</subfield>
    </datafield>
    <datafield tag="700" ind1="1" ind2="2">
      <subfield code="i">Container of (work):</subfield>
      <subfield code="a">Pictorius, Georg,</subfield>
      <subfield code="d">approximately 1500-1569.</subfield>
      <subfield code="t">Von Zernichten Artzten. : Clarer bericht ob die Christẽ[n] von den Jüdischen Artzten, vertrewlich artzney gebrauchen mögen.</subfield>
    </datafield>
    <datafield tag="700" ind1="1" ind2=" ">
      <subfield code="a">Paungartnerin von Paungarten, Anna,</subfield>
      <subfield code="e">dedicatee.</subfield>
      <subfield code="4">dte</subfield>
    </datafield>
    <datafield tag="700" ind1="1" ind2=" ">
      <subfield code="a">Schmidt, Peter,</subfield>
      <subfield code="d">active 1557-1595,</subfield>
      <subfield code="e">printer.</subfield>
      <subfield code="4">prt</subfield>
      <subfield code="1">https://id.oclc.org/worldcat/entity/E39PCjHcjbx6MHMFWqYfxmQJfy</subfield>
    </datafield>
    <datafield tag="740" ind1="0" ind2=" ">
      <subfield code="a">Klarer bericht ob die Christen vonn den Jüdischen artzten vertrewlich artzney gebrauchen mögen, vn[n]d wie die jetzlöuffig artzney des wäschens erstlich erdacht, vnnd was die für nutz bringe</subfield>
    </datafield>
    <datafield tag="740" ind1="0" ind2=" ">
      <subfield code="a">Von zernichten vnd vntreuwen ärtzten.</subfield>
    </datafield>
    <datafield tag="752" ind1=" " ind2=" ">
      <subfield code="a">Germany</subfield>
      <subfield code="d">Frankfurt am Main,</subfield>
      <subfield code="e">publication place.</subfield>
      <subfield code="4">pup</subfield>
    </datafield>
    <datafield tag="936" ind1=" " ind2=" ">
      <subfield code="a">BATCHLOAD</subfield>
    </datafield>
  </record>